Size of Wales quiz - Statistics

General Stats
  • This quiz has been taken 33 times
  • The average score is 4 of 15
Answer Stats
Hint Answer % Correct
Country of the United Kingdom Wales
82%
Great Lake Lake Ontario
50%
Central American country El Salvador
46%
Middle-Eastern country Israel
43%
European country Slovenia
36%
US state New Jersey
25%
African country Djibouti
18%
Japanese island Shikoku
18%
World's 2nd largest river island Bananal Island
7%
Coral reef New Caledonia Coral Reef
7%
French province Picardy
7%
Italian region Apulia
4%
US county Clark County, Nevada
4%
Ukrainian oblast Khmelnytskyi
4%
Indian state Mizoram
4%
No matching quizzes found
Score Distribution
Percent of People with Each Score
Percentile by Number Answered
Your Score History
You have not taken this quiz